Xiaolin Showdown Quiz Stats

Quiz not verified by Sporcle

Challenge
Share
Tweet
Embed
Score 0/15 Timer 10:00
0 Plays Today
Question Answer % Correct
Makes you smallerChanging Chopsticks
92.2%
Grand Master ________Dashi
68.2%
Master Monk ________Guan
63.6%
Fires lightningEye of Dashi
52.7%
Tresure of the ________________Blind Swordsman
45%
Raimundo's Home TownTubarão
42.6%
Allows user to run very fastFancy feet
41.1%
Clay's SisterJesse
34.9%
Question Answer % Correct
Dojo's Last nameKanojo Cho
32.6%
Jack Spicer's CousinMegan
31.8%
Omi's Wudai WeaponShimo Staff
27.1%
Allows you to look through solid objectsSerpents Tail
26.4%
Kimiko's DadToshiro
19.4%
Chase Young's Dragon soupLao Mang Long
12.4%
Doomsday Shen Gong WuSaphire Dragon
4.7%

You're not logged in!

Compare scores with friends on all Sporcle quizzes.
Join for Free
OR
Log In

You Might Also Like...

Show Comments

Extras

Top Quizzes Today


Score Distribution

Your Account Isn't Verified!

In order to create a playlist on Sporcle, you need to verify the email address you used during registration. Go to your Sporcle Settings to finish the process.

Report this User

Report this user for behavior that violates our Community Guidelines.

Details: